| 000 | 00740nam a22002297a 4500 | ||
|---|---|---|---|
| 001 | BD-DhSAU 2315 | ||
| 003 | BD-DhSAU | ||
| 005 | 20150127143148.0 | ||
| 008 | 150127s1977 ne a |||r|||| 001 0 eng d | ||
| 040 | _aBD-DhSAU | ||
| 082 |
_222 _a635.4 _bOOT |
||
| 100 | _aOomen, H A P C | ||
| 245 |
_aTropical leaf vegetables in human nutrition / _cH A P C Oomen; G J H Grubben |
||
| 260 |
_aAmsterdam : Koninklijk Instituut voor de Tropen, 1977. _bKoninklijk Instituut voor de Tropen, _c 1977. |
||
| 300 |
_a140 p. : _bill. ; _c24 cm. |
||
| 504 | _aIncludes index. | ||
| 590 | _aerfat | ||
| 650 |
_aDiet _zTropics. |
||
| 650 |
_aEdible greens _zTropics. |
||
| 650 |
_aRégimes alimentaires _zRégions tropicales. |
||
| 700 | _aGrubben, G J H | ||
| 942 |
_2ddc _cBOOK |
||
| 999 |
_c2315 _d2315 |
||